00418nam a2200169Ia 450000500170000000800410001702000140005804000190007204100120009108200110010310000160011424500450013026000280017530000120020365000230021585000100023820231118094711.0131103s9999 xx 000 0 und d a449225518 aLoreto College aEnglish aFbUPD aUpdike,John aIn the beauty of the liliescJohn Updike aNew YorkbFawcettc1996 a465 p.  aFiction in English aLCLIB